| 000 | 00593nam a22001937a 4500 | ||
|---|---|---|---|
| 005 | 20160929105923.0 | ||
| 010 | _aENG-116137 | ||
| 020 |
_a9789383420827 _c575.00 |
||
| 035 | _aEN-99669 | ||
| 037 | _bDBAD/PUB | ||
| 082 | _a618.92 | ||
| 100 | _aGhosh, Sibarjun | ||
| 245 |
_aBedside clinics in paediatrics / _cby Sibarjun Ghosh |
||
| 260 |
_aKolkata _bAcademic Publishers _c2016 |
||
| 270 |
_a5A Bhawani Dutta Lane, _bKolkata _e700073 |
||
| 300 |
_a516p. : _c24cm(pbk) _bill |
||
| 500 | _aIncludes bibliographical references and index | ||
| 942 |
_2ddc _cEN _h618.92 _mGHO |
||
| 999 |
_c103739 _d103739 |
||